Madhya pradesh municipal manual (Record no. 416088)

000 -LEADER
fixed length control field 00356cam a22001217a 4500
008 - FIXED-LENGTH DATA ELEMENTS--GENERAL INFORMATION
fixed length control field 180718b1967 xxu||||| |||| 00| 0 eng d
082 ## - DEWEY DECIMAL CLASSIFICATION NUMBER
Classification number B7303x5422 M264 2
245 ## - TITLE STATEMENT
Title Madhya pradesh municipal manual
260 ## - PUBLICATION, DISTRIBUTION, ETC.
Place of publication, distribution, etc. Indore
Name of publisher, distributor, etc. Wadhwa
Date of publication, distribution, etc. 1967
300 ## - PHYSICAL DESCRIPTION
Extent v,208p
500 ## - GENERAL NOTE
General note Library has two volumes.
650 ## - SUBJECT ADDED ENTRY--TOPICAL TERM
Topical term or geographic name entry element Municipal corporations --Madhya Pradesh, India.
Holdings
Withdrawn status Lost status Damaged status Not for loan Permanent Location Current Location Date acquired Full call number Barcode Date last seen Price effective from Koha item type
        Indian Institute of Public Administration Indian Institute of Public Administration 2009-03-12 B7303x5422 M264 2 DA1204 2018-07-21 2018-07-21 DA
        Indian Institute of Public Administration Indian Institute of Public Administration 2009-03-12 B7303x5422 M264 2 DA1203 2018-07-21 2018-07-21 DA

Powered by Koha